CPL T20 Teams By Logo - Statistics

General Stats
  • This quiz has been taken 32 times
  • The average score is 6 of 8
Answer Stats
Picture Hint Answer % Correct
Tenure: 2013 - present Trinbago Knight Riders
95%
Tenure: 2013 - present Barbados Royals
91%
Tenure: 2013 - present St Lucia Kings
91%
Tenure: 2013 - present Guyana Amazon Warriors
86%
Tenure: 2015 - present St Kitts & Nevis Patriots
77%
Tenure: 2013 - 2023 Jamaica Tallawahs
64%
Tenure: 2024 - present Antigua & Barbuda Falcons
59%
Tenure: 2013 - 2014 Antigua Hawksbills
36%
No matching quizzes found
Score Distribution
Percent of People with Each Score
Percentile by Number Answered
Your Score History
You have not taken this quiz